Statistics for Lion King Swahili

Click here to take the quiz!

General Stats

  • This quiz has been taken 44 times
  • The average score is 3 of 9

Answer Stats

Swahili Names/PhrasesFilm ReferenceEnglish% Correct
SimbaLead CharacterLion
95%
RafikiBaboonFriend
71%
Hakuna MatataPhraseNo Worries
71%
Asante SanaPhraseThank You Very Much
45%
PumbaaWharthogFoolish / Silly / Weak-Minded / Careless / Negligent / Dumb / Stupid
21%
NalaSimba's GirlfriendGift
16%
SarabiSimba's MotherMirage
11%
ShenziHyenaSavage
11%
BanzaiHyenaLurk / Creep / Skulk / Slither
5%

Score Distribution

Percentile by Number Answered

Percent of People with Each Score

Your Score History

You have not taken this quiz